| 000 | 00860nam a2200277 a 4500 | ||
|---|---|---|---|
| 005 | 20260322212050.0 | ||
| 008 | data | ||
| 010 | _a 84002784 | ||
| 020 | _a0894438549 | ||
| 020 | _a9780894438547 | ||
| 040 | _dCStRLIN | ||
| 050 | 1 |
_aRT85.5 _b.N866 1984 |
|
| 096 | _aWY 16 N9742 1984 | ||
| 245 | 0 | 0 |
_aNursing quality assurance : _ba unit-based approach / _cedited by Patricia S. Schroeder & Regina M. Maibusch. |
| 260 | 0 |
_aRockville, Md. : _bAspen Systems Corp., _c1984. |
|
| 300 |
_axv, 243 p. : _bill. ; _c24 cm. |
||
| 500 | _a"An Aspen publication." | ||
| 504 | _aIncludes bibliographical references and index. | ||
| 590 | _a"An Aspen publication." | ||
| 590 | _aIncludes bibliographies and index. | ||
| 650 | 0 | _aNursing audit. | |
| 650 | 0 |
_aNursing _xStandards. |
|
| 700 | 1 | _aSchroeder, Patricia S. | |
| 700 | 1 | _aMaibusch, Regina M. | |
| 001 | data | ||
| 999 |
_c1195 _d1195 |
||